Word Vocabulary - SHA - Statistics

General Stats
  • This quiz has been taken 195 times
    187 since last reset
  • The average score is 18 of 23
Answer Stats
word % Correct
sham
99%
shad
95%
shag
94%
share
91%
shame
90%
shaw
90%
shack
88%
shade
88%
shape
88%
shay
88%
shall
86%
shake
85%
shale
82%
shark
81%
shave
79%
sharp
76%
shaft
73%
shard
71%
shalt
57%
shah
56%
shank
55%
shawl
55%
sharn
51%
No matching quizzes found
Score Distribution
Percent of People with Each Score
Percentile by Number Answered
Your Score History
You have not taken this quiz since the last reset